[Event "Ruhrgebiet Verbandsklasse Gruppe 1 1819"]
[Site "Nordrheinwestfalen"]
[Date "2019.03.10"]
[Round "7.2"]
[White "Langschmidt, Dirk"]
[Black "Karmainski, Andreas"]
[Result "1-0"]
[WhiteElo "1986"]
[BlackElo "2116"]
[PlyCount "95"]
[EventDate "2018.09.23"]
[EventType "team-tourn"]
[EventRounds "9"]
[EventCountry "GER"]
[SourceTitle "EXT 2022"]
[Source "ChessBase"]
[SourceDate "2021.10.06"]
[SourceVersion "1"]
[SourceVersionDate "2021.10.06"]
[SourceQuality "1"]
[WhiteTeam "Muelheim SC"]
[BlackTeam "Werl SC 1981"]
[WhiteTeamCountry "GER"]
[BlackTeamCountry "GER"]

1. e4 e6 2. d4 d5 3. Nc3 Bb4 4. exd5 exd5 5. Qf3 Qe7+ 6. Nge2 Nc6 7. Be3 Nf6 8. 0-0-0 Bxc3 9. Nxc3 Bg4 10. Nxd5 Bxf3 11. Nxe7 Bxd1 12. Nxc6 Bh5 13. Na5 0-0-0 14. f3 Rhe8 15. Bf2 Nd5 16. Nc4 f6 17. c3 Re7 18. Kd2 Rde8 19. h4 Bf7 20. b3 Nf4 21. Ne3 c5 22. Bb5 Rd8 23. Nf5 Rc7 24. Bg3 g5 25. hxg5 fxg5 26. Rxh7 Bg6 27. Ne7+ Kb8 28. Rg7 cxd4 29. cxd4 Bb1 30. Rxg5 Rxe7 31. Bxf4+ Ka8 32. Be5 Re6 33. Bc4 Rg6 34. Rxg6 Bxg6 35. g4 a6 36. f4 b5 37. Bd3 Rg8 38. g5 Kb7 39. d5 Kb6 40. Bxg6 Rxg6 41. Ke3 Kc5 42. Ke4 Rg8 43. d6 a5 44. Kf5 Kd5 45. g6 Rf8+ 46. Kg5 Ke6 47. g7 Ra8 48. Kg6 1-0

[Event "Ruhrgebiet Verbandsklasse Gruppe 1 1819"]
[Site "Nordrheinwestfalen"]
[Date "2019.01.20"]
[Round "5.2"]
[White "Langschmidt, Dirk"]
[Black "Markus, Peter"]
[Result "1/2-1/2"]
[WhiteElo "1986"]
[BlackElo "1950"]
[PlyCount "59"]
[EventDate "2018.09.23"]
[EventType "team-tourn"]
[EventRounds "9"]
[EventCountry "GER"]
[SourceTitle "EXT 2022"]
[Source "ChessBase"]
[SourceDate "2021.10.06"]
[SourceVersion "1"]
[SourceVersionDate "2021.10.06"]
[SourceQuality "1"]
[WhiteTeam "Muelheim SC"]
[BlackTeam "Guennigfeld SV"]
[WhiteTeamCountry "GER"]
[BlackTeamCountry "GER"]

1. e4 e5 2. Nf3 Nc6 3. Bc4 Bc5 4. c3 Nf6 5. d4 exd4 6. cxd4 Bb4+ 7. Bd2 Bxd2+ 8. Nbxd2 d5 9. exd5 Nxd5 10. Qb3 Nce7 11. 0-0 0-0 12. a4 c6 13. a5 Rb8 14. Ne5 Be6 15. Ne4 Nf4 16. Bxe6 Nxe6 17. Nxf7 Qd5 18. Qxd5 Nxd5 19. Ne5 Rf4 20. Nc5 Nxd4 21. Rfd1 Nc2 22. Rac1 Ncb4 23. Ned7 Re8 24. Re1 Rd8 25. Rcd1 Rf7 26. Ne5 Re7 27. Nf3 Rxe1+ 28. Nxe1 b6 29. axb6 axb6 30. Ne4 1/2-1/2

[Event "Ruhrgebiet Verbandsklasse Gruppe 3 1617"]
[Site "Germany"]
[Date "2017.02.19"]
[Round "7.2"]
[White "Langschmidt, Dirk"]
[Black "Althoff, Ralph"]
[Result "1-0"]
[WhiteElo "1959"]
[BlackElo "1932"]
[PlyCount "67"]
[EventDate "2016.09.04"]
[EventType "team-tourn"]
[EventRounds "9"]
[EventCountry "GER"]
[SourceTitle "EXT 2022"]
[Source "ChessBase"]
[SourceDate "2021.10.06"]
[SourceVersion "1"]
[SourceVersionDate "2021.10.06"]
[SourceQuality "1"]
[WhiteTeam "Muelheim SC"]
[BlackTeam "Brackel SF III"]
[WhiteTeamCountry "GER"]
[BlackTeamCountry "GER"]

1. e4 c5 2. Nc3 e6 3. g3 Nc6 4. Bg2 Nf6 5. f4 d5 6. e5 Nd7 7. Nh3 Be7 8. Qg4 g6 9. 0-0 Nd4 10. Qd1 b5 11. Ne2 Nc6 12. a4 b4 13. d3 Qc7 14. c4 d4 15. Nf2 Bb7 16. g4 f6 17. exf6 Nxf6 18. Ng3 0-0 19. Qe2 Rae8 20. g5 Nd7 21. Qxe6+ Kg7 22. Qh3 Bd6 23. f5 Nce5 24. fxg6 Nxg6 25. Bxb7 Bxg3 26. Qxg3 Qxb7 27. Bd2 Rf3 28. Qd6 Nh4 29. Qh6+ Kg8 30. Qxh4 Ne5 31. Ne4 Rxd3 32. Nf6+ Kh8 33. Nxe8 Qe7 34. Qf4 1-0

[Event "Ruhrgebiet Verbandsliga Gruppe 2 1516"]
[Site "Germany"]
[Date "2015.12.20"]
[Round "5.4"]
[White "Limberg, Matthias"]
[Black "Langschmidt, Dirk"]
[Result "1/2-1/2"]
[WhiteElo "2027"]
[BlackElo "1959"]
[PlyCount "93"]
[EventDate "2015.09.06"]
[EventType "team-tourn"]
[EventRounds "9"]
[EventCountry "GER"]
[SourceTitle "EXT 2022"]
[Source "ChessBase"]
[SourceDate "2021.10.06"]
[SourceVersion "1"]
[SourceVersionDate "2021.10.06"]
[SourceQuality "1"]
[WhiteTeam "Oberhausen SV II"]
[BlackTeam "Muelheim SC"]
[WhiteTeamCountry "GER"]
[BlackTeamCountry "GER"]

1. d4 e6 2. Bf4 f5 3. e3 Nf6 4. h3 b6 5. Nf3 Be7 6. Nbd2 Bb7 7. c3 0-0 8. Qc2 Ne4 9. Bd3 Nxd2 10. Qxd2 g5 11. Bg3 d6 12. Qc2 Qe8 13. 0-0-0 Qg6 14. Rdg1 Nd7 15. Nd2 Nf6 16. f3 Qg7 17. Bf2 c5 18. dxc5 bxc5 19. g4 fxg4 20. hxg4 Rf7 21. Rh3 Bf8 22. f4 d5 23. fxg5 Ne4 24. Bxe4 dxe4 25. Bg3 Qxg5 26. Bf4 Qd5 27. Qb3 Rd8 28. Rd1 Rfd7 29. Rh5 Qxb3 30. axb3 Be7 31. Be5 Bc6 32. c4 Rd3 33. Bf4 Be8 34. Rhh1 Bg6 35. Kc2 Bf6 36. Nb1 e5 37. Bh6 Bh4 38. Rdf1 Be7 39. Rf2 Bf8 40. Bg5 R8d6 41. Re2 Rb6 42. Nc3 a6 43. Rf1 Rb7 44. Bf6 Bg7 45. Bg5 h6 46. Bh4 h5 47. g5 1/2-1/2

[Event "Remote Random-181 email"]
[Site "Remote email"]
[Date "2014.07.07"]
[Round "?"]
[White "Langschmidt, Dirk"]
[Black "Tortoza, Carlos Alberto"]
[Result "1-0"]
[WhiteElo "1960"]
[BlackElo "1632"]
[PlyCount "57"]
[EventDate "2014.??.??"]
[EventType "tourn (corr)"]
[EventRounds "7"]
[EventCountry "GER"]
[SourceTitle "Corr 2015"]
[Source "ChessBase"]
[SourceDate "2015.07.17"]
[SourceVersion "1"]
[SourceVersionDate "2015.07.17"]
[SourceQuality "1"]

1. e4 c5 2. Nf3 Nc6 3. d4 cxd4 4. Nxd4 g6 5. Nxc6 bxc6 6. Qd4 f6 7. Bc4 e6 8. Nc3 Bg7 9. Qd6 Ne7 10. Be3 0-0 11. 0-0-0 Kh8 12. Bc5 Ng8 13. Bxe6 Ne7 14. Bxd7 Bb7 15. Qxe7 Qc7 16. Bd6 Qd8 17. Qe6 Bc8 18. Bxf8 Qxf8 19. Qxc6 Bxd7 20. Rxd7 a5 21. Nd5 h5 22. Rd1 a4 23. Nb6 Kh7 24. Nxa8 Kh6 25. Rd8 Qe7 26. R1d7 Qe5 27. Qc7 Qg5+ 28. f4 Qxg2 29. Rh8+ 1-0

[Event "Remote Random-181 email"]
[Site "Remote email"]
[Date "2014.07.07"]
[Round "?"]
[White "Witt, Monika"]
[Black "Langschmidt, Dirk"]
[Result "0-1"]
[WhiteElo "1390"]
[BlackElo "1960"]
[PlyCount "72"]
[EventDate "2014.??.??"]
[EventType "tourn (corr)"]
[EventRounds "7"]
[EventCountry "GER"]
[SourceTitle "Corr 2015"]
[Source "ChessBase"]
[SourceDate "2015.07.17"]
[SourceVersion "1"]
[SourceVersionDate "2015.07.17"]
[SourceQuality "1"]

1. e4 c5 2. Nf3 Nc6 3. d4 cxd4 4. Nxd4 g6 5. Nxc6 bxc6 6. Bc4 e6 7. e5 Qa5+ 8. Bd2 Qxe5+ 9. Qe2 Qxb2 10. Bc3 Qc1+ 11. Qd1 Qxd1+ 12. Kxd1 f6 13. Nd2 d5 14. Bd3 Bd6 15. g3 e5 16. Nf3 e4 17. Be2 exf3 18. Bxf3 Kf7 19. Ke1 Bf5 20. Kd2 Bc5 21. g4 Bd7 22. Ke1 Ne7 23. a3 Rab8 24. Kf1 h5 25. a4 hxg4 26. Be2 Bf5 27. Ra2 Rb1+ 28. Kg2 Be4+ 29. f3 gxf3+ 30. Bxf3 Bxf3+ 31. Kxf3 Rxh1 32. a5 R1xh2 33. Ra4 R8h3+ 34. Kg4 f5+ 35. Kf4 Rf2+ 36. Ke5 Re3+ 0-1

[Event "Remote S7E Starter-55 email"]
[Site "Remote email"]
[Date "2014.05.06"]
[Round "?"]
[White "Langschmidt, Dirk"]
[Black "Kahl, Karl Heinz"]
[Result "1/2-1/2"]
[WhiteElo "1960"]
[BlackElo "2194"]
[PlyCount "109"]
[EventDate "2014.??.??"]
[EventType "tourn (corr)"]
[EventRounds "6"]
[EventCountry "GER"]
[SourceTitle "Corr 2015"]
[Source "ChessBase"]
[SourceDate "2015.07.17"]
[SourceVersion "1"]
[SourceVersionDate "2015.07.17"]
[SourceQuality "1"]

1. e4 c5 2. Nf3 d6 3. d4 cxd4 4. Nxd4 Nf6 5. Nc3 a6 6. Bg5 e6 7. f4 Qb6 8. Qd2 Qxb2 9. Rb1 Qa3 10. e5 dxe5 11. fxe5 Nfd7 12. Ne4 h6 13. Bh4 Qxa2 14. Rd1 Qd5 15. Qe3 Qxe5 16. Be2 Bc5 17. Bg3 Bxd4 18. Rxd4 Qa5+ 19. Rd2 0-0 20. Bd6 Re8 21. 0-0 f5 22. Nc5 Nxc5 23. Bxc5 Rd8 24. Rxd8+ Qxd8 25. Bc4 Kh7 26. Bxe6 Bxe6 27. Qxe6 Qd7 28. Qxf5+ Qxf5 29. Rxf5 Nd7 30. Bd4 Kg6 31. Rf3 Nf6 32. c4 Rd8 33. Bxf6 gxf6 34. Rb3 Rd7 35. Kf2 Rc7 36. Ke3 Rxc4 37. Rxb7 a5 38. Rb5 a4 39. Ra5 h5 40. Kf3 f5 41. g3 h4 42. Kg2 hxg3 43. hxg3 Kg5 44. Kh3 Rd4 45. Ra8 Kf6 46. Ra5 Rb4 47. Kg2 Rb2+ 48. Kh3 Ra2 49. g4 fxg4+ 50. Kxg4 a3 51. Kf4 Ra1 52. Ra6+ Ke7 53. Kg3 Kd7 54. Kg2 a2 55. Ra8 1/2-1/2

[Event "Remote Easter Gr.C email"]
[Site "Remote email"]
[Date "2014.05.01"]
[Round "?"]
[White "Jansen, Uwe"]
[Black "Langschmidt, Dirk"]
[Result "0-1"]
[WhiteElo "2000"]
[BlackElo "1944"]
[PlyCount "50"]
[EventDate "2014.??.??"]
[EventType "tourn (corr)"]
[EventRounds "8"]
[EventCountry "GER"]
[SourceTitle "Corr 2015"]
[Source "ChessBase"]
[SourceDate "2015.07.17"]
[SourceVersion "1"]
[SourceVersionDate "2015.07.17"]
[SourceQuality "1"]

1. e4 c5 2. c3 d5 3. exd5 Qxd5 4. d4 Nc6 5. Nf3 Bg4 6. Be2 cxd4 7. Nxd4 Bxe2 8. Qxe2 Nxd4 9. cxd4 Qxg2 10. Qf1 Qxf1+ 11. Kxf1 0-0-0 12. Be3 e6 13. Nc3 Nf6 14. Rc1 Kb8 15. Kg2 Bb4 16. Rhd1 Nd5 17. Nxd5 Rxd5 18. Bf4+ Bd6 19. Bxd6+ Rxd6 20. Kf3 Rd5 21. Rd2 Rhd8 22. Ke3 Rh5 23. f4 Rh3+ 24. Ke4 Rd5 25. Rc5 f5# 0-1

[Event "Remote Easter Gr.C email"]
[Site "Remote email"]
[Date "2014.05.01"]
[Round "?"]
[White "Langschmidt, Dirk"]
[Black "Doderer, Harald"]
[Result "0-1"]
[WhiteElo "1960"]
[BlackElo "2467"]
[PlyCount "60"]
[EventDate "2014.??.??"]
[EventType "tourn (corr)"]
[EventRounds "8"]
[EventCountry "GER"]
[SourceTitle "Corr 2015"]
[Source "ChessBase"]
[SourceDate "2015.07.17"]
[SourceVersion "1"]
[SourceVersionDate "2015.07.17"]
[SourceQuality "1"]

1. e4 c5 2. Nf3 Nc6 3. d4 cxd4 4. Nxd4 Nf6 5. Nc3 e5 6. Nde2 Bc5 7. Ng3 Qb6 8. Qd2 0-0 9. Na4 Qb4 10. Nxc5 Qxc5 11. Bd3 d5 12. 0-0 h6 13. Qe3 d4 14. Qe2 Bg4 15. f3 Be6 16. f4 exf4 17. Rxf4 Nd7 18. Nf5 Nde5 19. Qh5 f6 20. Rh4 Bxf5 21. exf5 Rad8 22. Bxh6 gxh6 23. Qxh6 Rd7 24. Re1 Kf7 25. Rg4 Ke8 26. Rg7 Rxg7 27. Qxg7 Rf7 28. Qh8+ Kd7 29. Qa8 Re7 30. Qxb7+ Kd6 0-1

[Event "Remote Easter Gr.C email"]
[Site "Remote email"]
[Date "2014.05.01"]
[Round "?"]
[White "Vetter, Udo"]
[Black "Langschmidt, Dirk"]
[Result "0-1"]
[WhiteElo "1727"]
[BlackElo "1960"]
[PlyCount "56"]
[EventDate "2014.??.??"]
[EventType "tourn (corr)"]
[EventRounds "8"]
[EventCountry "GER"]
[SourceTitle "Corr 2015"]
[Source "ChessBase"]
[SourceDate "2015.07.17"]
[SourceVersion "1"]
[SourceVersionDate "2015.07.17"]
[SourceQuality "1"]

1. c4 e5 2. Nc3 Nf6 3. g3 d5 4. cxd5 Nxd5 5. Bg2 Nb6 6. Nf3 Nc6 7. 0-0 Be7 8. e3 0-0 9. b3 Be6 10. Bb2 f5 11. d3 f4 12. exf4 exf4 13. Ne4 fxg3 14. Nxg3 Bg4 15. Qe2 Bf6 16. Rab1 Nd4 17. Bxd4 Bxd4 18. Qe4 Bxf3 19. Bxf3 Qf6 20. Kg2 c6 21. Rfe1 Rae8 22. Qg4 Nd5 23. Ne4 Qh6 24. Ng5 Be5 25. Nh3 Rf6 26. Qe4 Re7 27. Ng1 Qxh2+ 28. Kf1 Bg3 0-1

[Event "Remote-ch Class3 Gr.D email"]
[Site "Remote email"]
[Date "2014.04.20"]
[Round "?"]
[White "Langschmidt, Dirk"]
[Black "Guelker, Lorenz"]
[Result "1-0"]
[WhiteElo "1944"]
[BlackElo "1985"]
[PlyCount "69"]
[EventDate "2014.??.??"]
[EventType "tourn (corr)"]
[EventRounds "6"]
[EventCountry "GER"]
[SourceTitle "Corr 2015"]
[Source "ChessBase"]
[SourceDate "2015.07.17"]
[SourceVersion "1"]
[SourceVersionDate "2015.07.17"]
[SourceQuality "1"]

1. e4 c5 2. Nf3 Nc6 3. d4 cxd4 4. Nxd4 e5 5. Nb5 a6 6. Nd6+ Bxd6 7. Qxd6 Qf6 8. Qxf6 Nxf6 9. Nc3 0-0 10. Bg5 Ne8 11. 0-0-0 d6 12. Nd5 h6 13. Ne7+ Kh8 14. Nxc8 Rxc8 15. Bd2 Nf6 16. f3 d5 17. Bd3 Nd4 18. Bc3 dxe4 19. fxe4 Rfd8 20. h3 Nh5 21. g4 Nf4 22. Rh2 f6 23. Kb1 Kh7 24. a3 Nde6 25. h4 Nxd3 26. cxd3 Rc6 27. g5 fxg5 28. Bxe5 gxh4 29. Rxh4 g5 30. Rh2 Nc5 31. Rhd2 Nb3 32. Rf2 Rd7 33. d4 Rc4 34. Rf3 Nxd4 35. Rfd3 1-0

[Event "Remote Random email"]
[Site "Remote email"]
[Date "2014.04.19"]
[Round "?"]
[White "Langschmidt, Dirk"]
[Black "Buhlmann, Werner"]
[Result "0-1"]
[WhiteElo "1944"]
[BlackElo "2144"]
[PlyCount "34"]
[EventDate "2014.??.??"]
[EventType "tourn (corr)"]
[EventRounds "11"]
[EventCountry "GER"]
[SourceTitle "Corr 2015"]
[Source "ChessBase"]
[SourceDate "2015.07.17"]
[SourceVersion "1"]
[SourceVersionDate "2015.07.17"]
[SourceQuality "1"]

1. e4 e5 2. a3 Nf6 3. Nc3 Nc6 4. Nf3 d5 5. exd5 Nxd5 6. Bb5 Nxc3 7. bxc3 Bd6 8. 0-0 0-0 9. h3 e4 10. Bxc6 bxc6 11. Nd4 c5 12. Nb5 Bf4 13. d4 Bxc1 14. Qxc1 c6 15. Qf4 cxb5 16. Qxe4 Be6 17. dxc5 Qg5 0-1

[Event "Remote S7E Easy email"]
[Site "Remote email"]
[Date "2014.04.11"]
[Round "?"]
[White "Langschmidt, Dirk"]
[Black "Mantau, Jan"]
[Result "0-1"]
[WhiteElo "1944"]
[BlackElo "2049"]
[PlyCount "54"]
[EventDate "2014.??.??"]
[EventType "tourn (corr)"]
[EventRounds "6"]
[EventCountry "GER"]
[SourceTitle "Corr 2015"]
[Source "ChessBase"]
[SourceDate "2015.07.17"]
[SourceVersion "1"]
[SourceVersionDate "2015.07.17"]
[SourceQuality "1"]

1. e4 c5 2. Nf3 d6 3. d4 cxd4 4. Nxd4 Nf6 5. Nc3 a6 6. Bg5 Nbd7 7. Bc4 Qc7 8. Qe2 b5 9. Bb3 Bb7 10. 0-0-0 h6 11. Bh4 e6 12. f3 Be7 13. g4 Nc5 14. Bg3 Rc8 15. h4 b4 16. Na4 Qa5 17. e5 dxe5 18. Qxe5 Nfd7 19. Qxg7 Bf6 20. Nxc5 Rxc5 21. Nf5 Bxg7 22. Nd6+ Ke7 23. Nxb7 Qb6 24. Bd6+ Kf6 25. Nxc5 Nxc5 26. g5+ hxg5 27. hxg5+ Kg6 0-1